| 000 | 00542nam a22001457a 4500 | ||
|---|---|---|---|
| 020 | _a0-439-75378-3 | ||
| 082 |
_a823 _bMAR/P |
||
| 100 | _aJENNY MARKAS | ||
| 245 | _aTHE PERFECT MAN | ||
| 260 |
_aUSA _bSCHOLASTIC INC _c2005 |
||
| 300 | _a220 | ||
| 520 | _aWhen Holly Hamilton conceives a plan to create an imaginary secret admirer to sweep her single mother off her feet so they can stay in Brooklyn, the virtual relationship takes off and Holly soon finds herself having to produce a real face | ||
| 650 | _aA MOVIE NOVELIZATION | ||
| 942 | _cBK | ||
| 999 |
_c455 _d455 |
||